Statistics for Hidden Words In Bordering Countries

Click here to take the quiz!

General Stats

  • This quiz has been taken 344 times
  • The average score is 15 of 24

Answer Stats

Hidden WordBordering Country% Correct
CoalAlgeria
85%
RaspSpain
85%
CoalMorocco
82%
ShinIndia
82%
RaspAndorra
79%
ShinBangladesh
78%
RantIran
76%
RantTurkey
74%
KeysTurkey
70%
WaitsKuwait
69%
KeysSyria
68%
WaitsSaudi Arabia
66%
MarchChina
64%
ReachChina
62%
MarchMyanmar
61%
ReachNorth Korea
56%
LameMexico
55%
DanceSudan
54%
LameGuatemala
53%
DanceCentral African Republic
50%
LargeArgentina
44%
ReadDjibouti
42%
LargeBrazil
42%
ReadEritrea
41%

Score Distribution

Percentile by Number Answered

Percent of People with Each Score

Your Score History

You have not taken this quiz